000
00333nam a2200145Ia 4500
100
_a
Patil/M.B/ Ramanarayanan/V
650
_a
Power electronics
942
_c
BK
366
_f
20
245
_a
Simulation of Power electronics circuits
260
_b
Narosa
_c
2009
082
_a
621.317
_b
PAT
546
_a
ENGLISH
_c
TTL
999
_c
27146
_d
27146